De paseo por la selva / Liliana Pfarherr ; ilustraciones Claudia Degliuomini (Registro nro. 48502)
[ vista simple ]
| 000 -LÍDER | |
|---|---|
| Campo fijo de descripción fija | 003640000a22001330004500 |
| 082 04 - NÚMERO DE CLASIFICACIÓN DECIMAL DEWEY | |
| Número de clasificación | B P473p |
| 001 - NÚMERO DE CONTROL | |
| Campo de control | 1335 |
| 100 1# - ASIENTO PRINCIPAL--NOMBRE PERSONAL | |
| Nombre personal | Pfarherr, Liliana |
| 245 10 - TÍTULO | |
| Título del Material | De paseo por la selva / Liliana Pfarherr ; ilustraciones Claudia Degliuomini |
| 260 ## - PUBLICACIÓN, DISTRIBUCIÓN, ETC. (PIE DE IMPRENTA) | |
| Lugar de publicación, distribución, etc. | Argentina : Editorial Guadal S.A. |
| 500 ## - NOTA GENERAL | |
| Nota General | Libro de tela |
| 942 ## - TIPO DE MATERIAL (KOHA) | |
| Tipo de Item KOHA | Z- Libro General BINCO |
| Estado de Material | Estado de Perdido | Volumen-Parte/Tomo | Estado de Dañado | No para Préstamo | Tomo | Biblioteca de Origen | Biblioteca Permanente | Fecha de Adquisición | Total de Préstamos | Signatura Topográfica | Código de Barras | Última vez visto | Ejemplar/Existencia | Fecha de Remplazo | Tipo de Material |
|---|---|---|---|---|---|---|---|---|---|---|---|---|---|---|---|
| Biblioteca Infantil Comunitaria BINCO | Biblioteca Infantil Comunitaria BINCO | 16/07/2008 | B P473p | B31874 | 24/11/2016 | 1 | 26/01/2016 | Z- Libro General BINCO |
